00779nam a22001817a 4500003000900000008004100009040007100050082002000121245007200141260005200213300004400265440003300309505018300342650002400525650001500549650001300564700002000577AR-CdUCM190425b ||||| |||| 00| 0 spa d aMUNICIPALIDAD PROVINCIAL DEL CUSCOcBIBLIOTECA MUNICIPAL DEL CUSCO aSur/N°173/1991 aSur :bsemanario regional surandino /cGuido Delran Cousy, Director aCusco.bCentro Bartolomé de las Casas,c1991. a8 páginas. :bilustraciones ;c29 cm. aSur.nAño XIV, N°173,1991 aContenido: Crisis en el Gobierno de la Region Inka. -- Cusco peatonal más allá de la propuesta turística. -- El Taytacha de los Temblores y el mundo simbólico andino. ... aSociedad cusqueña aPolítica aSiglo XX aUrbano, Enrique